| 000 | 00575nam a2200193Ia 4500 | ||
|---|---|---|---|
| 008 | 131103s9999 xx 000 0 und d | ||
| 040 | _aLoreto College | ||
| 041 | _aEnglish | ||
| 082 |
_a954/CHO _bLCLIB(Press)/23747 |
||
| 245 | 4 |
_aThe gazetteer of India _b Indian union _cEdited by P N Chopra |
|
| 260 |
_aIndia _bMinistry of educational and Social welfare _c1973 |
||
| 300 |
_aV.2 _c 24cm. |
||
| 504 | _aV.2 history & culture | ||
| 650 | _aGazetteers - India | ||
| 651 | _aIndia - Gazetteers | ||
| 700 | _aChopra, P N; ed. | ||
| 850 | _aLCLIB/954/CHO | ||
| 942 | _cBK | ||
| 999 |
_c24917 _d75396 |
||